| 000 | 00000nam 2200000zi 4500 |
| 001 | 9.931904 |
| 003 | CaOODSP |
| 005 | 20241119112755 |
| 006 | m o d f |
| 007 | cr |n||||||||| |
| 008 | 231229e198401##qucdb ob f|0| 0 fre d |
| 040 | |aCaOODSP|bfre|erda|cCaOODSP |
| 043 | |an-cn-nu |
| 086 | 1 |aCW66-1455/1984F-PDF |
| 100 | 1 |aChapdelaine, Gilles, |eauteur. |
| 245 | 10|aEstimation et tendance de la population de la marmette de Brünnich (Uria lomvia) colonie sud de l'Île Akpatok / |cG. Chapdelaine et P. Brousseau. |
| 264 | 1|a[Sainte-Foy, Québec] : |bService canadien de la faune, Environnement Canada, |cjanvier 1984. |
| 300 | |a1 ressource en ligne (10, [19] pages) : |bcartes, graphiques |
| 336 | |atexte|btxt|2rdacontent/fre |
| 337 | |ainformatique|bc|2rdamedia/fre |
| 338 | |aressource en ligne|bcr|2rdacarrier/fre |
| 500 | |aÉdition numérisée de l’imprimé [par Environnement et changement climatique Canada]. |
| 504 | |aComprend des références bibliographiques (pages 10). |
| 650 | 6|aGuillemot de Brünnich|zNunavut|zAkpatok, Île. |
| 650 | 0|aThick-billed murre|zNunavut|zAkpatok Island. |
| 710 | 2 |aService canadien de la faune, |eorganisme de publication. |
| 710 | 1 |aCanada. |bEnvironnement Canada, |eorganisme de publication. |
| 856 | 40|qPDF|s869 Ko|uhttps://publications.gc.ca/collections/collection_2024/eccc/cw66/CW66-1455-1984-fra.pdf |